000 01378nam a2200289 c 4500
003 BLK
005 20221212141924.0
008 180411b bul|||||r ||||||| ||bul||
010 _aKNG00216155000
040 _aBLK
041 _aBUL
_cBUL
080 _aЕстествени вътрешни води. Пристанища. Крайбрежни хидротехнически съоръжения. Язовири. Техническа хидрология. Вж и 551.46; 556.5; 621.22; 626; 628.1
_b627
_x(035)
_z627(035)
100 1 _aКочев, Константин Маринов
_9350940
700 1 _aРадев, Никола Димитров
_eсъавт.
_9386711
139 _aКочев, Константин Маринов
_bК 87
245 1 0 _aЗащитни облицовки и съоръжения при водните течения
_bРъководство
_cКонстантин Маринов Кочев; съавт. Никола Димитров Радев.
257 _aBGR
260 София
_bТехника
_c1986
300 _a175 с.
_bс ил.
_c25 см
380 _a62
490 1 _aБиблиотека на проектанта
852 _aЦб 145086
856 4 _qpdf
_u
856 4 _qpdf
_u
942 _cKNG
_n0
944 _aCR
_c16.02.2018
_kХристина_Везирева
944 _aED
_c16.02.2018
_kХристина_Везирева
999 _c206406
_d206406